000 00728nam a22002657a 4500
001 BR7401156
003 BR-BrBNA
005 20230928093714.0
007 ta
008 230509b bl.||||| |||| 00| 0 por d
040 _aBR-BrBNA
_bpor
_cBiblioteca Nacional de Agricultura
041 _a(Por)
072 _aH10
_b2110
_b4020
090 _ 2110 BR7401156
100 1 _aSilva, P.
110 1 _aInstituto de Cacau da Bahia, Salvador (Brasil)
_95984
245 1 _aA formiga de enxerto [Azteca paraensis - variedade bondari; cacau]
260 3 _aSalvador, BA (Brasil):
_c1945.
300 _a21 p.
650 _aCACAU
650 _aFORMIGA
650 _aERRADICACAO
909 _a202309
_bLucia
_c55
_dLucia Elande
942 _cBK
999 _c46600
_d46600